| 000 -LEADER |
| fixed length control field |
00831nam a22001217a 4500 |
| 008 - FIXED-LENGTH DATA ELEMENTS--GENERAL INFORMATION |
| fixed length control field |
250829b ||||| |||| 00| 0 eng d |
| 020 ## - INTERNATIONAL STANDARD BOOK NUMBER |
| International Standard Book Number |
9780008412968 |
| 100 ## - MAIN ENTRY--PERSONAL NAME |
| Personal name |
GOLD,HANNAH |
| Relator term |
AUTHOR |
| Language of a work |
ENGLISH |
| 245 ## - TITLE STATEMENT |
| Title |
THE LOST WHALE |
| 260 ## - PUBLICATION, DISTRIBUTION, ETC. |
| Place of publication, distribution, etc. |
MACKEN HOUSE,39/40 MAYOR STREET UPPER |
| Name of publisher, distributor, etc. |
HarperCollins Children's Books |
| Date of publication, distribution, etc. |
2023 |
| 500 ## - GENERAL NOTE |
| General note |
The Lost Whale is the enchanting second novel from the author of The Last Bear: the bestselling debut hardback of 2021 and The Times Children's Book of the Week What if you could communicate with a whale? Rio has been sent to live with a grandmother he barely knows in California, while his mum is in hospital back home. He feels alone, and disconnected, struggling with his darkest fears for his mum. The only thing that makes him smile is joining his new friend Marina on her dad's whale |
| 942 ## - ADDED ENTRY ELEMENTS (KOHA) |
| Source of classification or shelving scheme |
|